<?xml version="1.0" encoding="UTF-8"?>
<marc:record xmlns:marc="http://www.loc.gov/MARC21/slim">
   <marc:leader>00000nam a2200000 a 4500</marc:leader>
   <marc:datafield ind1=" " ind2=" " tag="653">
      <marc:subfield code="a">Zeichentrick</marc:subfield>
   </marc:datafield>
   <marc:datafield ind1=" " ind2=" " tag="653">
      <marc:subfield code="a">Auto</marc:subfield>
   </marc:datafield>
   <marc:datafield ind1="0" ind2="0" tag="245">
      <marc:subfield code="a">Cars 3: Evolution</marc:subfield>
   </marc:datafield>
   <marc:datafield ind1=" " ind2="1" tag="264">
      <marc:subfield code="b">Walt Disney Studios Home Entertainment</marc:subfield>
      <marc:subfield code="c">2018</marc:subfield>
   </marc:datafield>
   <marc:datafield ind1="1" ind2=" " tag="520">
      <marc:subfield code="a">Der legendäre Lightning McQueen gibt wieder Vollgas, doch völlig unvorbereitet wird er diesmal von einer neuen Generation rasend schneller Rennwagen aus dem Sport verdrängt, den er so liebt. Um wieder mithalten zu können, ist er auf die Hilfe der ehrgeizigen und jungen Renntechnikerin Cruz Ramirez angewiesen, die auch schon einen Plan ausgeheckt hat, um Lightning zurück an die Spitze zu bringen. Um zu beweisen, dass die Startnummer #95 noch nicht zum alten Eisen gehört, muss Lightning sein Kämpferherz auf der größten Bühne des Piston Cup Rennens unter Beweis stellen!</marc:subfield>
   </marc:datafield>
</marc:record>
